¿Quién ayuda en casa? / (Registro nro. 11819)

Detalles MARC
000 -LIDER
fixed length control field 00757nam a22002657a 4500
001 - NÚMERO DE CONTROL
Identificador de número de control 000646
003 - IDENTIFICACDOR DE NÚMERO DE CONTROL
control field DO-SdBNP
005 - DATE AND TIME OF LATEST TRANSACTION
control field 20180209092040.0
007 - CAMPOS FIJOS DE DESCRIPCIÓN FÍSICA
fixed length control field 000646
008 - ELEMENTOS DE LONGITUD FIJA
fixed length control field 161107b 1995 sp a ||||| |||| 00| 0 spa d
020 ## - ISBN
International Standard Book Number 8426319173
040 ## - FUENTE DE CATALOGACIÓN
Agencia que crea de manera original el registro BPMSU
Idioma de catalogación spa
Agencia que realiza la transcripción BPMSU
100 1# - ASIENTO PRINCIPAL -- NOMBRE PERSONAL
Nombre personal Alcántara, Ricardo
245 10 - MENCIÓN DE TITULO
Título ¿Quién ayuda en casa? /
Mención de responsabilidad Ricardo Alcántara ; ilustrado por Gusti.
250 ## - MENCIÓN DE EDICION
Mención de edición 8ª ed.
260 ## - PUBLICACIÓN, DISTRIBUCIÓN, ETC. (PIE DE IMPRENTA)
Lugar de publicación, distribución, etc Zaragoza :
Nombre del editor, distribuidor, etc. Edelvives,
Fecha de publicación, distribución, etc 1995.
300 ## - DESCRIPCIÓN FÍSICA
Extensión 47 p. :
Otros detalles físicos il. ;
Dimensiones 18 cm.
490 1# - MENCIÓN DE SERIES
Mención de serie Ala delta
Volume/sequential designation 119
500 ## - NOTA GENERAL
Nota general Para niños a partir de los 11 años.
700 12 - ASIENTO SECUNDARIO -- NOMBRE PERSONAL
Nombre personal Gusti,
Fechas asociadas con el nombre 1963-
830 #0 - ASIENTO SECUNDARIO DE SERIE--TÍTULO UNIFORME
Título uniforme Ala delta ;
Volume number/sequential designation 119
942 ## - ADDED ENTRY ELEMENTS (KOHA)
Source of classification or shelving scheme Dewey Decimal Classification
Koha item type Libros
945 ## - INFORMACIÓN DE PROCESAMIENTO LOCAL
Información de procesamiento local Inventariado, 2018/LP
956 ## - LOCAL ELECTRONIC LOCATION AND ACCESS (OCLC)
Nombre de host LOPEREZ
Número de acceso 10
Información de compresión 20180209
Procesador de solicitud BPMSU
Existencias
Withdrawn status Lost status Source of classification or shelving scheme Damaged status Not for loan Collection code Home library Current library Date acquired Source of acquisition Total Checkouts Barcode Date last seen Price effective from Koha item type
    Dewey Decimal Classification     Colección Infantil General Biblioteca Pública Metropolitana Salomé Ureña Biblioteca Pública Metropolitana Salomé Ureña 11/07/2016 Alfaguara   BPMSU16110139 11/07/2016 11/07/2016 Libros